000 00608nam a2200217Ia 4500
005 20250508154308.0
008 008 250505s9999 xx 000 0 hin d
037 _aTextual
040 _aFEDL
_beng
_cFEDL
041 _ahin
_2hin
084 _a150.9, SHA
_qFEDL
100 _aSharma J D
_9762273
245 0 _aManovigyan ka itehas: Adhunik siddhant tatha padhtiyan
260 _aAgra, India
_bVinod Pustak Mandir
_c1964
300 _a321p.
365 _aINR
_b10
650 _aPsychology
700 _a Saraswat J D
_9765259
942 _cTEXL
_h150.9, SHA
999 _c1349420
_d1349420